Records And Files Of The Quarterly Courts Of Essex County (Record no. 34315)

MARC details
000 -LEADER
fixed length control field 00428nam a2200169Ia 4500
020 ## - INTERNATIONAL STANDARD BOOK NUMBER
ISBN 0-88389-051-8
050 ## - CALL MARK
Classification number F42.E7.M44V.9
100 ## - STATEMENT OF RESPONSIBILITY--MAIN AUTHOR NAME
Personal name Mary G. Thresher
245 #0 - TITLE STATEMENT
Title Records And Files Of The Quarterly Courts Of Essex County
260 ## - PUBLICATION, DISTRIBUTION, ETC. (IMPRINT)
Place of publication Massachusetts
260 ## - PUBLICATION, DISTRIBUTION, ETC. (IMPRINT)
Name of publisher ESSEX Institute
260 ## - PUBLICATION, DISTRIBUTION, ETC. (IMPRINT)
Year of publication 1975
300 ## - PHYSICAL DESCRIPTION
Number of Pages 663 p
942 ## - ADDED ENTRY ELEMENTS (KOHA)
Koha item type Books
Holdings
Withdrawn status Lost status Source of classification or shelving scheme Damaged status Not for loan Permanent Location Current Location Date acquired Accession Number Price effective from Koha item type
    Library of Congress Classification     NILE UNIVERSITY OF NIGERIA - MAIN LIBRARY NILE UNIVERSITY OF NIGERIA - MAIN LIBRARY 04/23/2025 0002360 04/23/2025 Books